00637nam a2200181 a 4500020001800000082001800018100002100036245008000057260004400137300000900181500003500190505003200225650002200257700002100279942000700300952013100307999001700438 a019565 00a294.5513bHIL aHiltebeitel, Alf aDraupadi Among Rajputs, Muslims and Dalits, Rethinking India`s Oral and Cla aNew DlhibOxford University Pressc1999 a560p aincludes index and biblioraphy2 aBibliography, General Index aWomen in Hinduism1 aHiltebeitel, Alf cBK 001040708StackRoom-aHMIbHMId2007-07-24g695.00l2o294.5513 HILp020172r2019-09-20s2019-08-27v695.00w2005-05-24yBK c13494d13494